Welcome, caller, this is Chloe
"When big-hearted Chloe Camden's best friend shreds her reputation and her school counselor axes her junior independent study project, Chloe is forced to take on a 'more meaningful' project by joining her school's struggling radio station"-- |c Provided by publisher.
Đã lưu trong:
| Tác giả chính: | |
|---|---|
| Tác giả khác: | , |
| Định dạng: | Sách |
| Ngôn ngữ: | English |
| Được phát hành: |
New York London
Amulet
2012.
|
| Những chủ đề: | |
| Các nhãn: |
Thêm thẻ
Không có thẻ, Là người đầu tiên thẻ bản ghi này!
|
| Thư viện lưu trữ: | Mạng thư viện Đại học Đà Nẵng |
|---|
| LEADER | 01508nam a2200373 4500 | ||
|---|---|---|---|
| 001 | 000024600 | ||
| 003 | 21088 | ||
| 005 | 20161215081253.0 | ||
| 008 | 161215s2012 engsd | ||
| 020 | |a 9781419701917 (cased) |a 1419701916 (cased) | ||
| 041 | 0 | |a eng | |
| 082 | 0 | 0 | |a 813.6 |b CO-S |
| 100 | 1 | |a Coriell, Shelley |q (Laura Ann) | |
| 245 | 1 | 0 | |a Welcome, caller, this is Chloe |c by Shelley Coriell |
| 260 | |a New York |a London |b Amulet |c 2012. | ||
| 300 | |a 299 p. |c 21 cm. | ||
| 520 | 3 | |a "When big-hearted Chloe Camden's best friend shreds her reputation and her school counselor axes her junior independent study project, Chloe is forced to take on a 'more meaningful' project by joining her school's struggling radio station"-- |c Provided by publisher. | |
| 650 | 1 | |a Interpersonal relations |v Fiction. | |
| 650 | 1 | |a Radio broadcasting |v Fiction. | |
| 650 | 1 | |a High schools |v Fiction. | |
| 650 | 1 | |a Grandmothers |v Fiction. | |
| 653 | |a Young adult fiction | ||
| 700 | 1 | |d 1906-1998. |d 1958- |d 1947- |q (Sandra M.) | |
| 700 | 1 | |d 1957- |q (Margaret M.) | |
| OWN | |a LSP | ||
| AVA | |a UDN50 |b LSP |d 813.6 CO-S |e available |t Error 5001 Not defined in file expand_doc_bib_avail. |f 1 |g 0 |h N |i 0 |k 1 | ||
| 999 | |a From the UDN01 | ||
| AVA | |a UDN50 |b LSP |d 813.6 CO-S |e available |t Error 5001 Not defined in file expand_doc_bib_avail. |f 1 |g 0 |h N |i 0 |k 1 | ||
| TYP | |a Monograph | ||
| TYP | |a Printed language | ||
| 980 | |a Mạng thư viện Đại học Đà Nẵng | ||


